Migración internacional en el siglo XXI : cuatro debates sobre un fenómeno en constante cambio /

Guardat en:
Dades bibliogràfiques
Autor principal: Urbano Reyes, Javier (autor)
Format: Llibre
Idioma:espanyol
Publicat: México : Universidad Iberoamericana Ciudad de México, Programa de Asuntos Migratorios, 2015, c2015
Matèries:
Etiquetes: Afegir etiqueta
Sense etiquetes, Sigues el primer a etiquetar aquest registre!

MARC

LEADER 00000nam^a2200000^a^4500
001 000359516
005 20250521000000.0
009 20260310115357.579
020 |a 978-607-417-287-4 
037 |a Acervo ITESO - Biblioteca 
041 |a ESP 
082 |a 304. 809  |b URB 
100 |a Urbano Reyes, Javier  |e (autor) 
245 1 0 |a Migración internacional en el siglo XXI :  |b cuatro debates sobre un fenómeno en constante cambio /  |c J. Urbano Reyes. 
264 4 |a México :  |b Universidad Iberoamericana Ciudad de México, Programa de Asuntos Migratorios,  |c 2015, c2015 
300 |a 200 p. 
336 |a texto  |b txt  |2 rdacontenido 
337 |a sin mediación  |b n  |2 rdamedio 
338 |a volumen  |b nc  |2 rdasoporte 
649 |a XX 
650 |a Migrantes -  |x Condiciones Sociales y Culturales 
650 |a Remesas de Migrantes 
650 |a Migración -  |x Aspectos Sociales y Culturales -  |x Tema Principal 
650 |a Migración -  |x Aspectos Económicos 
650 |a Migración -  |x Historia -  |y Siglo XXI 
650 |a Movilidad Social 
650 |a Discriminación 
650 |a Derecho de las Minorías 
650 |a Derechos Humanos -  |x Tema Principal 
650 |a Problemas Sociales 
650 |a Desarrollo Económico-Social -  |x Historia -  |y Siglo XXI  |x Tema Principal 
650 |a Globalización -  |x Historia -  |y Siglo XXI 
650 |a Política Migratoria -  |x Historia -  |y Siglo XXI 
650 |a Cooperación Internacional -  |x Historia -  |y Siglo XXI -  |x Tema Principal 
650 |a Política Internacional -  |x Historia -  |y Siglo XXI 
910 |a Fondo General 
920 |a Impresos - Libros 
930 |a Colección General 
905 |a 101 
901 |a 0500252447  |b IT1  |c ACC  |i D72866  |u 20250521 
902 |a https://opac.biblio.iteso.mx/vufind/Record/000359516